000 00729nam a2200217 a 4500
001 BRCA_4103
005 20190320204539.0
008 190310s2009----mx-a######---#000-0#spa-#
041 _aspa
044 _amx
050 4 _aNK2529
_b.M63 2009
245 1 0 _aEl mobiliario en Puebla
_bpreciosismo, mitos y cotidianidad de la carpintería y la ebanistería.
260 _aMéxico
_bFundación Mary Street Jenkins
_c2009
300 _a191 p.
_bil. a color
_c33 cm.
500 _aIncluye glosario técnico
500 _aIncluye piezas de la colección Franz Mayer: p. 108-123
504 _aBibliografía: p. 186-189
650 1 4 _aMobiliario
_xHistoria
_zPuebla
_910620
650 1 4 _aMuebles
_xHistoria
_zMéxico
_93569
942 _2lcc
_cB
999 _c3821
_d3821